000 00433nam a2200169 a 4500
005 20140310183331.0
008 060818s19uu xx 00 eng d
020 _a0073012556
050 _aHQ 1060
_b.Ag267 2005
245 _aAging 2005-2006 /
250 _a17th ed.
260 _aU.S.A :
_bMcGraw-Hill,
_c2005.
300 _a191 p. :
_bill. ;
_c30 cm.
650 _aAging
_xPeriodicals.
942 _cBK
_2lcc
_kFOR
999 _c21559
_d21559